| 000 | 00438nam a2200181Ia 4500 | ||
|---|---|---|---|
| 001 | 14862 | ||
| 005 | 20260306164945.0 | ||
| 008 | 260306t1967||||xx |||||||||||||| ||spa|| | ||
| 041 | _aESP | ||
| 082 |
_a519.5 _bCH547 |
||
| 100 |
_aChevry, Gabriel R. _eAUT |
||
| 245 | 0 | _aPráctica de las encuestas estadísticas | |
| 260 | _c1967 | ||
| 300 |
_a351 páginas : _c23 cm. |
||
| 650 | _aGEN | ||
| 654 | _aCMA | ||
| 942 |
_cLIB _dJUS _fJUS _2ddc _n |
||
| 999 |
_c14862 _d14862 |
||